Obálka Náhled e-knihy:
Epub
Pro půjčování e-knih musíte být přihlášeni.
Jak si půjčit online?

Případ úzké dýky : zločiny na Velké Moravě /

Historický detektivní román, jehož děj se odehrává v 9. století na Velké Moravě.

Uloženo v:
Série:Zločiny na Velké Moravě, část 1
Hlavní autor: Češka, Stanislav, 1955- (Autor)
Médium: E-kniha
Jazyk:Czech
Vydáno: Brno : MOBA, c2012
Vydání:Vyd. 1.
Témata:
Příbuzné jednotky:Z cyklu:: Zločiny na Velké Moravě
Tagy:
Žádné tagy
LEADER 02382cam a2200457 a 4500
001 305831
003 CZ PrSKC
005 20260601215540.0
007 ta
008 120126s2012 xr g 000 f cze d
015 |a cnb002340297 
020 |a 9788024346434  |q (váz.) 
035 |a (OCoLC)791316746 
040 |a TPG001  |b cze  |d ULG001  |d OLA001  |d ABA001 
043 |a ec----- 
072 7 |a 821.162.3-3  |x Česká próza  |2 Konspekt 
080 |a 821.162.3-31  |2 MRF 
080 |a (4-191.2)  |2 MRF 
080 |a (0:82-311.6)  |2 MRF 
080 |a (0:82-312.4)  |2 MRF 
100 1 |a Češka, Stanislav,  |d 1955-  |7 xx0122614  |4 aut 
245 1 0 |a Případ úzké dýky :  |b zločiny na Velké Moravě /  |c Stanislav Češka 
250 |a Vyd. 1. 
260 |a Brno :  |b MOBA,  |c c2012 
300 |a 279 s. ;  |c 21 cm 
520 2 |a Historický detektivní román, jehož děj se odehrává v 9. století na Velké Moravě. 
520 2 |a Urozený kníže Slavomír a jeho přítel Viking Erik se na přání panovníka Rastislava stávají vyšetřovateli vraždy stavitele Radslava. Ten je autorem nejen opevnění moravských hradišť, které jsou terčem franských nájezdů, ale i tvůrcem baziliky v Mikulčicích, nejvýznamější sakrální budovy své doby. Celý případ je velmi komplikovaný, střetávají se zde zájmy světské s církevními. Oběma vyšetřovatelům se podaří nejen objasnit vraždu, ale výsledkem jejich snažení je i pozvání soluňských bratří Cyrila a Metoděje na Velkou Moravu. 
651 7 |a Velkomoravská říše  |7 ge131256  |2 czenas 
651 9 |a Great Moravia  |2 eczenas 
655 7 |a české romány  |7 fd133974  |2 czenas 
655 7 |a historické romány  |7 fd132414  |2 czenas 
655 7 |a detektivní romány  |7 fd132010  |2 czenas 
655 9 |a Czech fiction  |2 eczenas 
655 9 |a historical novels  |2 eczenas 
655 9 |a detective novels  |2 eczenas 
787 0 8 |i Z cyklu:  |t Zločiny na Velké Moravě  |g 1 
900 |a ABA001  |b 17 
044 |a xr 
910 |a RBIT002 
998 |d 3381  |a https://core.palmknihy.cz/api/books/3381/cover?bdgwet  |b https://core.palmknihy.cz/api/books/3381/cover/400?dcot6x  |c https://core.palmknihy.cz/api/books/3381/cover/50?yd2awa  |e 2030-02-06  |g 280  |i 9788024346434  |j https://core.palmknihy.cz/api/books/3381/preview.epub  |l   |q 49  |r 1  |s https://www.palmknihy.cz/kniha/3381  |t ebook  |y 2012  |z 0  |v Zločiny na Velké Moravě  |w 1 
999 |d 305829